000 00460pab a2200157 454500
008 180718b2008 xxu||||| |||| 00| 0 eng d
100 _aTardanico, Richard
245 _aPost-civil war san Salvador: social inequalities of household and basic infrastructure in a Central American city
260 _c2008
300 _ap.127-52.
362 _aJan
650 _aSocial inequality
773 _aJournal of Development Studies
908 _aN
909 _a78413
999 _c78413
_d78413